Mort subite - Foot - Champion du monde 2018 - Statistiques

Statistiques générales
  • Ce quiz a été pris 544 fois
  • Le résultat moyen est 6 sur 9
Answers on the Grid
Answers color-coded by a green-red scale on the quiz's grid according to % correct below.
Théo Hernandez
Kylian Mbappé
Hugo Lloris
Karim Benzema
Marcus Thuram
Ousmane Dembélé
Antoine Griezmann
Mike Maignan
Randal Kolo Muani
Benjamin Pavard
Kingsley Coman
Corentin Tolisso
Jules Koundé
Eduardo Camavinga
Florian Thauvin
Lucas Hernandez
Adrien Rabiot
Nabil Fékir
 
Statistiques - réponses
Réponse % Correct
Hugo Lloris
74%
Kylian Mbappé
72%
Antoine Griezmann
71%
Benjamin Pavard
69%
Florian Thauvin
63%
Ousmane Dembélé
63%
Lucas Hernandez
61%
Nabil Fékir
56%
Corentin Tolisso
55%
Aucun quiz correspondant
Distribution des résultats
% des personnes avec chaque résultat
Percentile par nombre de réponses
Votre historique - résultats
Vous n’avez pas pris ce quiz